La orientación en el proceso educativo
Tallennettuna:
| Päätekijä: | |
|---|---|
| Aineistotyyppi: | Kirja |
| Kieli: | espanja |
| Julkaistu: |
Pamplona
Universidad de Navarra
1979
|
| Painos: | 3a. ed |
| Sarja: | Ciencias de la educación. Colección ICE, 11
|
| Aiheet: | |
| Tagit: |
Lisää tagi
Ei tageja, Lisää ensimmäinen tagi!
|
MARC
| LEADER | 00000nam a2200000 a 4500 | ||
|---|---|---|---|
| 001 | UCZ0537 | ||
| 003 | CL-VaPUC | ||
| 008 | 950728e19791200SP |||||||||||||||||spa|d | ||
| 082 | 0 | 4 | |a 371.4 |b GOR |2 21 |
| 100 | |a Gordillo Álvarez-Valdés, María Victoria |e author |9 463667 | ||
| 245 | 1 | 3 | |a La orientación en el proceso educativo |
| 250 | |a 3a. ed | ||
| 300 | |a 326 p | ||
| 942 | |c BK | ||
| 945 | |d 19950728 00:00:00 |a cmena | ||
| 260 | |a Pamplona |b Universidad de Navarra |c 1979 | ||
| 650 | 7 | |a ORIENTACION EDUCACIONAL |2 CL-VaPUC |9 312512 | |
| 650 | 0 | |a Psicología educacional |9 307830 | |
| 650 | 0 | |a Psicología aplicada |9 270762 | |
| 650 | 0 | |a Rol del docente |9 329733 | |
| 650 | 0 | |a Comunicación |9 257251 | |
| 650 | 0 | |a Entrevistas |9 265537 | |
| 583 | |a last modification |c 19950728 00:00:00 |k Rodrigo Vera | ||
| 490 | 0 | |a Ciencias de la educación. Colección ICE, 11 | |
| 999 | |c 237456 |d 237454 | ||
| 952 | |0 0 |1 0 |4 0 |6 371_400000000000000_GOR_1979 |7 0 |8 P |9 246554 |a BIBEDU |b BIBEDU |c BIBEDU_PB |d 2019-11-18 |i 1547151 |o 371.4 GOR 1979 |p 1547151 |r 2024-01-25 |w 2019-11-18 |y BK |k EDU | ||
| 952 | |0 0 |1 0 |4 0 |6 371_400000000000000_GOR_1979 |7 0 |8 P |9 246555 |a BIBEDU |b BIBEDU |c BIBEDU_PB |d 2019-11-18 |i 154716K |o 371.4 GOR 1979 |p 154716K |r 2024-01-25 |w 2019-11-18 |y BK |k EDU | ||
| 952 | |0 0 |1 0 |4 0 |6 371_400000000000000_GOR_1979 |7 0 |8 P |9 246556 |a BIBEDU |b BIBEDU |d 2019-11-18 |i 1547178 |o 371.4 GOR 1979 |p 1547178 |r 2019-11-18 |w 2019-11-18 |y BK |k EDU | ||
| 952 | |0 0 |1 0 |4 0 |6 371_400000000000000_GOR_1979 |7 0 |8 P |9 246557 |a BIBEDU |b BIBEDU |c BIBEDU_PB |d 2019-11-18 |i 1547186 |o 371.4 GOR 1979 |p 1547186 |r 2024-01-25 |w 2019-11-18 |y BK |k EDU | ||
| 952 | |0 0 |1 0 |4 0 |6 371_400000000000000_GOR_1979 |7 0 |8 P |9 246558 |a BIBEDU |b BIBEDU |c BIBEDU_PB |d 2019-11-18 |i 1547194 |o 371.4 GOR 1979 |p 1547194 |r 2024-01-25 |w 2019-11-18 |y BK |k EDU | ||
| 952 | |0 0 |1 0 |4 0 |6 371_400000000000000_GOR_1979 |7 0 |8 P |9 246559 |a BIBEDU |b BIBEDU |c BIBEDU_PB |d 2019-11-18 |i 1547208 |o 371.4 GOR 1979 |p 1547208 |r 2024-01-25 |w 2019-11-18 |y BK |k EDU | ||